[Event "Belgrade-chT Quality"]
[Site "Belgrade"]
[Date "2016.10.26"]
[Round "10.3"]
[White "Petric, Marko"]
[Black "Knezevic, Milorad G"]
[Result "1/2-1/2"]
[WhiteElo "2076"]
[BlackElo "2184"]
[PlyCount "30"]
[EventDate "2016.10.01"]
[EventType "team-tourn"]
[EventRounds "11"]
[EventCountry "SRB"]
[SourceTitle "EXT 2018"]
[Source "ChessBase"]
[SourceDate "2017.10.13"]
[SourceVersion "1"]
[SourceVersionDate "2017.10.13"]
[SourceQuality "1"]

1. d4 d5 2. Nf3 e6 3. Bg5 Be7 4. Bxe7 Qxe7 5. c3 f5 6. e3 Nf6 7. Nbd2 0-0 8. Ne5 Nbd7 9. Ndf3 Ne4 10. Nxd7 Bxd7 11. Bd3 Be8 12. Ne5 Qh4 13. g3 Qh3 14. Bf1 Qh6 15. Bg2 Nd6 1/2-1/2

[Event "Belgrade-chT Quality"]
[Site "Belgrade"]
[Date "2016.10.22"]
[Round "7.6"]
[White "Veljkovic, Dragoljub"]
[Black "Petric, Marko"]
[Result "1/2-1/2"]
[WhiteElo "2163"]
[BlackElo "2076"]
[PlyCount "102"]
[EventDate "2016.10.01"]
[EventType "team-tourn"]
[EventRounds "11"]
[EventCountry "SRB"]
[SourceTitle "EXT 2018"]
[Source "ChessBase"]
[SourceDate "2017.10.13"]
[SourceVersion "1"]
[SourceVersionDate "2017.10.13"]
[SourceQuality "1"]

1. Nf3 d6 2. d4 Nf6 3. c4 c6 4. Nc3 Bg4 5. e4 Nbd7 6. Be2 Qc7 7. Be3 e5 8. d5 Be7 9. 0-0 Nf8 10. Rc1 a6 11. h3 Bd7 12. b4 b6 13. dxc6 Bxc6 14. Nd5 Bxd5 15. cxd5 Qb7 16. Nd2 Ng6 17. Rc6 Nd7 18. Nc4 0-0 19. Nxd6 Qb8 20. Bg4 Bxd6 21. Bxd7 Bc7 22. Qc2 Bd8 23. Rc1 Ne7 24. Rc3 Qd6 25. Bc6 Ra7 26. Qb3 f5 27. Bc5 bxc5 28. bxc5 Qf6 29. d6+ Kh8 30. dxe7 Rxe7 31. Bd5 fxe4 32. Qc2 Ba5 33. Ra3 Rd7 34. Rxa5 Rxd5 35. Ra3 Qf4 36. Re3 Rfd8 37. g3 Qf5 38. g4 Qf8 39. Qxe4 Rd2 40. Rf3 Qe7 41. c6 R2d4 42. Qf5 e4 43. c7 Rd1+ 44. Kh2 exf3 45. cxd8Q+ Rxd8 46. Qxf3 Rf8 47. Qe3 Qd6+ 48. Kg1 h6 49. Qc5 Qf6 50. Qe3 Qd6 51. a3 Qd5 1/2-1/2

[Event "Belgrade-chT Quality"]
[Site "Belgrade"]
[Date "2016.10.16"]
[Round "6.1"]
[White "Petric, Marko"]
[Black "Bakovic, Nebojsa"]
[Result "1/2-1/2"]
[WhiteElo "2076"]
[BlackElo "2103"]
[PlyCount "25"]
[EventDate "2016.10.01"]
[EventType "team-tourn"]
[EventRounds "11"]
[EventCountry "SRB"]
[SourceTitle "EXT 2018"]
[Source "ChessBase"]
[SourceDate "2017.10.13"]
[SourceVersion "1"]
[SourceVersionDate "2017.10.13"]
[SourceQuality "1"]

1. d4 d5 2. Nf3 c6 3. c3 Nf6 4. Bg5 Bf5 5. Nbd2 Nbd7 6. e3 e6 7. Ne5 Be7 8. f4 h6 9. Bh4 Ne4 10. Bxe7 Qxe7 11. Nxe4 Bxe4 12. Nxd7 Qxd7 13. Qg4 1/2-1/2

[Event "Belgrade-chT Quality"]
[Site "Belgrade"]
[Date "2016.10.01"]
[Round "1.4"]
[White "Dobrijevic, Milan"]
[Black "Petric, Marko"]
[Result "1-0"]
[WhiteElo "2253"]
[BlackElo "2076"]
[PlyCount "65"]
[EventDate "2016.10.01"]
[EventType "team-tourn"]
[EventRounds "11"]
[EventCountry "SRB"]
[SourceTitle "EXT 2018"]
[Source "ChessBase"]
[SourceDate "2017.10.13"]
[SourceVersion "1"]
[SourceVersionDate "2017.10.13"]
[SourceQuality "1"]

1. e4 d6 2. d4 Nf6 3. Nc3 g6 4. h4 c6 5. f3 h5 6. Bg5 Nbd7 7. Qd2 b5 8. 0-0-0 Qa5 9. Kb1 b4 10. Nce2 Ba6 11. Nh3 Bg7 12. Nc1 Bxf1 13. Rhxf1 Rb8 14. Rfe1 Nb6 15. Qd3 Na4 16. Nf4 Nd7 17. e5 dxe5 18. Nxg6 Nxb2 19. Kxb2 Qa3+ 20. Kb1 Qxd3 21. Nxd3 fxg6 22. Nxe5 Nxe5 23. dxe5 c5 24. Rd5 Rc8 25. Re4 c4 26. Rb5 b3 27. axb3 cxb3 28. cxb3 Rc7 29. Rb8+ Kd7 30. e6+ Kc6 31. Rc4+ Kd6 32. Bf4+ Be5 33. Bxe5+ 1-0

[Event "Belgrade-chT Quality"]
[Site "Belgrade"]
[Date "2015.10.18"]
[Round "6"]
[White "Dunjic, Dragan"]
[Black "Petric, Marko"]
[Result "1/2-1/2"]
[WhiteElo "2180"]
[BlackElo "2075"]
[PlyCount "81"]
[EventDate "2015.10.03"]
[EventType "team-tourn"]
[EventRounds "11"]
[EventCountry "SRB"]
[SourceTitle "EXT 2018"]
[Source "ChessBase"]
[SourceDate "2017.10.13"]
[SourceVersion "1"]
[SourceVersionDate "2017.10.13"]
[SourceQuality "1"]

1. d4 d6 2. Nf3 c6 3. c3 Nf6 4. h3 g6 5. Bf4 Bg7 6. a4 a5 7. Na3 0-0 8. e3 Nbd7 9. Be2 Ne4 10. Nc4 d5 11. Ncd2 Nxd2 12. Qxd2 b6 13. 0-0 Ba6 14. Bxa6 Rxa6 15. e4 dxe4 16. Qe2 exf3 17. Qxa6 e5 18. Bg3 exd4 19. gxf3 Nc5 20. Qc4 dxc3 21. Rad1 Qf6 22. bxc3 Rc8 23. Rd6 Qxf3 24. Rb1 Re8 25. Qh4 g5 26. Qg4 Qxg4 27. hxg4 Ne4 28. Rxc6 Bxc3 29. Rb5 f6 30. Rd5 Kf7 31. Bc7 Re6 32. Rc4 Bb4 33. Rd7+ Kg6 34. Bg3 Nc5 35. Ra7 Re4 36. Rxe4 Nxe4 37. Kg2 Nxg3 38. Kxg3 h5 39. gxh5+ Kxh5 40. Rg7 f5 41. Kf3 1/2-1/2

[Event "Belgrade-chT Quality"]
[Site "Belgrade"]
[Date "2011.10.31"]
[Round "7"]
[White "Radivojevic, Milan R"]
[Black "Petric, Marko"]
[Result "1-0"]
[WhiteElo "2302"]
[BlackElo "2106"]
[PlyCount "84"]
[EventDate "2011.10.15"]
[EventType "team-swiss"]
[EventRounds "11"]
[EventCountry "SRB"]
[SourceTitle "EXT 2012"]
[Source "ChessBase"]
[SourceDate "2011.11.24"]
[SourceVersion "1"]
[SourceVersionDate "2011.11.24"]
[SourceQuality "1"]

1. Nf3 Nf6 2. g3 b6 3. Bg2 Bb7 4. d3 e6 5. Nbd2 d5 6. c3 Nbd7 7. 0-0 a5 8. a4 Be7 9. Qc2 c5 10. e4 Qc7 11. Re1 h5 12. exd5 Nxd5 13. h4 N5f6 14. Nc4 Bc6 15. Bf4 Qb7 16. Qe2 Kf8 17. Red1 Re8 18. Bd6 Bd5 19. Ne1 Bxg2 20. Nxg2 Qc6 21. Be5 Nxe5 22. Qxe5 Bd8 23. Qd6+ Qxd6 24. Nxd6 Re7 25. d4 cxd4 26. Rxd4 Bc7 27. Rad1 g6 28. Ne3 Kg7 29. Nb5 Bb8 30. Rc4 Rhe8 31. Rc6 Rb7 32. Nc4 Ree7 33. Rxb6 Nd5 34. Rxb7 Rxb7 35. Nxa5 Re7 36. Nc6 Re8 37. c4 Nf6 38. a5 Rc8 39. Nxb8 Rxb8 40. a6 Ne4 41. a7 Ra8 42. Ra1 Nc5 1-0

[Event "Belgrade-chT Quality"]
[Site "Belgrade"]
[Date "2011.10.29"]
[Round "5"]
[White "Savic, Nemanja"]
[Black "Petric, Marko"]
[Result "1/2-1/2"]
[WhiteElo "1969"]
[BlackElo "2106"]
[PlyCount "93"]
[EventDate "2011.10.15"]
[EventType "team-swiss"]
[EventRounds "11"]
[EventCountry "SRB"]
[SourceTitle "EXT 2012"]
[Source "ChessBase"]
[SourceDate "2011.11.24"]
[SourceVersion "1"]
[SourceVersionDate "2011.11.24"]
[SourceQuality "1"]

1. c4 Nf6 2. Nf3 e6 3. g3 b6 4. Bg2 Bb7 5. 0-0 Be7 6. b3 0-0 7. Bb2 a5 8. Nc3 Ne4 9. Nxe4 Bxe4 10. d3 Bb7 11. e4 d6 12. Qe2 c5 13. d4 a4 14. Rfd1 Qc7 15. d5 e5 16. h3 f5 17. exf5 Rxf5 18. Nh2 Bc8 19. Be4 Rf7 20. Qd3 g6 21. Ng4 Bxg4 22. hxg4 Bf6 23. Kg2 Nd7 24. Qd2 Qd8 25. Qc2 Bg5 26. Bxg6 hxg6 27. Qxg6+ Rg7 28. Qe6+ Rf7 29. Qg6+ Rg7 30. Qxd6 Qf6 31. Qe6+ Rf7 32. f4 axb3 33. axb3 Rxa1 34. Bxa1 Kf8 35. Bxe5 Nxe5 36. Qxe5 Qxe5 37. fxe5 Be3 38. Rf1 Bd4 39. Rf5 Ke7 40. Kf3 Bxe5 41. Ke4 Bxg3 42. Rxf7+ Kxf7 43. Kf5 Bd6 44. g5 Bf8 45. Ke5 Ke7 46. Kf5 Kf7 47. Ke5 1/2-1/2

[Event "Belgrade-chT Quality"]
[Site "Belgrade"]
[Date "2011.10.23"]
[Round "4"]
[White "Petric, Marko"]
[Black "Tasic, Zoran T"]
[Result "1/2-1/2"]
[WhiteElo "2106"]
[BlackElo "2157"]
[PlyCount "102"]
[EventDate "2011.10.15"]
[EventType "team-swiss"]
[EventRounds "11"]
[EventCountry "SRB"]
[SourceTitle "EXT 2012"]
[Source "ChessBase"]
[SourceDate "2011.11.24"]
[SourceVersion "1"]
[SourceVersionDate "2011.11.24"]
[SourceQuality "1"]

1. Nf3 g6 2. d4 Bg7 3. e4 d6 4. c3 e6 5. g3 b6 6. Bg5 f6 7. Be3 Nh6 8. h3 Nf7 9. Qc2 Qd7 10. Bg2 Ba6 11. c4 e5 12. 0-0 c5 13. dxc5 bxc5 14. Rd1 Qb7 15. b3 Nc6 16. Nc3 0-0 17. Nd5 Rab8 18. Nh2 Nfd8 19. Ng4 Ne6 20. Bh6 Ncd4 21. Qd2 Bxh6 22. Qxh6 Qg7 23. Qxg7+ Kxg7 24. Nge3 Bb7 25. Nc3 Bc6 26. h4 Rb7 27. Bh3 Nc7 28. Bg2 Rfb8 29. Rd2 a5 30. Rad1 a4 31. bxa4 Rb4 32. Nb5 Ne8 33. Nc3 Bxa4 34. a3 Bxd1 35. axb4 Nf3+ 36. Bxf3 Bxf3 37. b5 Ra8 38. b6 Kf7 39. Kh2 h5 40. b7 Rb8 41. Rb2 Ke7 42. Ned5+ Kd7 43. Rb6 f5 44. exf5 gxf5 45. Nb5 Bxd5 46. cxd5 c4 47. Kg2 c3 48. Nxc3 Kc7 49. Rc6+ Kd7 50. Rb6 Kc7 51. Rc6+ Kd7 1/2-1/2

[Event "Belgrade-chT Quality"]
[Site "Belgrade"]
[Date "2011.10.22"]
[Round "3"]
[White "Petric, Marko"]
[Black "Jakovljevic, Zivota"]
[Result "1/2-1/2"]
[WhiteElo "2106"]
[BlackElo "2150"]
[PlyCount "91"]
[EventDate "2011.10.15"]
[EventType "team-swiss"]
[EventRounds "11"]
[EventCountry "SRB"]
[SourceTitle "EXT 2012"]
[Source "ChessBase"]
[SourceDate "2011.11.24"]
[SourceVersion "1"]
[SourceVersionDate "2011.11.24"]
[SourceQuality "1"]

1. Nf3 e6 2. d4 d5 3. Bg5 Nf6 4. e3 a6 5. Nbd2 c5 6. c3 Nc6 7. Bd3 Be7 8. Ne5 Nxe5 9. dxe5 Nd7 10. Bf4 c4 11. Bc2 Qc7 12. Qg4 g6 13. Qg3 b6 14. h4 Bb7 15. Ba4 0-0-0 16. Bxd7+ Qxd7 17. Bg5 h5 18. Nf3 Rde8 19. Bxe7 Rxe7 20. Nd4 Qc7 21. Qg5 Rd7 22. Rh3 Qd8 23. Qxd8+ Rhxd8 24. Rf3 Re7 25. Rf6 Kc7 26. Kd2 Bc6 27. Rh1 Rb8 28. f3 a5 29. Rh3 b5 30. g4 Rh8 31. Rf4 Kb6 32. Ne2 Rd7 33. Rd4 Rdd8 34. Rf4 Rdf8 35. Rf6 Rh7 36. Nf4 Rg8 37. a3 Kc5 38. Rh1 Rb8 39. gxh5 gxh5 40. Rg1 b4 41. axb4+ axb4 42. Ne2 bxc3+ 43. bxc3 Rb2+ 44. Ke1 Ba4 45. Rg8 Rb1+ 46. Kf2 1/2-1/2

[Event "SRB-chT"]
[Site "Belgrade"]
[Date "2010.10.10"]
[Round "10"]
[White "Petric, Marko"]
[Black "Stamatovic, Aleksandar"]
[Result "0-1"]
[WhiteElo "2121"]
[BlackElo "2199"]
[PlyCount "42"]
[EventDate "2010.10.01"]
[EventType "team-tourn"]
[EventRounds "11"]
[EventCountry "YUG"]
[SourceTitle "CBM 138 Extra"]
[Source "ChessBase"]
[SourceDate "2010.10.29"]
[SourceVersion "1"]
[SourceVersionDate "2010.10.29"]
[SourceQuality "1"]

1. d4 Nf6 2. Nc3 c5 3. Bg5 Qa5 4. Bxf6 gxf6 5. Nf3 e6 6. a3 d5 7. e3 a6 8. Be2 Nc6 9. 0-0 Bd7 10. e4 cxd4 11. Nxd4 dxe4 12. Nxe4 Qe5 13. Nxc6 Bxc6 14. Nc3 Rd8 15. Bd3 Rg8 16. g3 Bc5 17. g4 Qh5 18. Be4 Rxg4+ 19. Kh1 Rxd1 20. Bxc6+ bxc6 21. Raxd1 Rh4 0-1

[Event "SRB-chT"]
[Site "Belgrade"]
[Date "2010.10.07"]
[Round "7"]
[White "Petric, Marko"]
[Black "Marinovic, Bozidar"]
[Result "1/2-1/2"]
[WhiteElo "2121"]
[BlackElo "2398"]
[PlyCount "86"]
[EventDate "2010.10.01"]
[EventType "team-tourn"]
[EventRounds "11"]
[EventCountry "YUG"]
[SourceTitle "CBM 138 Extra"]
[Source "ChessBase"]
[SourceDate "2010.10.29"]
[SourceVersion "1"]
[SourceVersionDate "2010.10.29"]
[SourceQuality "1"]

1. d4 c5 2. c3 e6 3. Nf3 Nf6 4. Bg5 cxd4 5. Qxd4 Be7 6. Nbd2 Nc6 7. Qa4 0-0 8. e3 a6 9. Bd3 Nd5 10. Bxe7 Qxe7 11. 0-0-0 f5 12. Qc2 Nf6 13. e4 fxe4 14. Nxe4 d5 15. Neg5 g6 16. Rhe1 e5 17. Qd2 e4 18. Bc2 Qc5 19. Nd4 Nxd4 20. Qxd4 Qxd4 21. Rxd4 h6 22. Nh3 Bxh3 23. gxh3 Kg7 24. Bb3 Rad8 25. Red1 Rd7 26. R1d2 Rfd8 27. Kd1 g5 28. c4 dxc4 29. Rxd7+ Rxd7 30. Rxd7+ Nxd7 31. Bxc4 Kf6 32. Ke2 Ke5 33. Ke3 Nf6 34. f3 exf3 35. Kxf3 Kd4 36. Be6 b5 37. b4 Kc3 38. Bc8 Kxb4 39. Bxa6 Kc5 40. Bb7 b4 41. h4 gxh4 42. Bc8 Kd6 43. Kf4 Kd5 1/2-1/2

[Event "Belgrade-chT"]
[Site "Belgrade"]
[Date "2008.10.05"]
[Round "1"]
[White "Petric, Marko"]
[Black "Djosic, Slavoljub"]
[Result "0-1"]
[WhiteElo "2124"]
[BlackElo "2256"]
[PlyCount "90"]
[EventDate "2008.10.05"]
[EventType "tourn"]
[EventRounds "9"]
[EventCountry "YUG"]
[SourceTitle "CBM 126 Extra"]
[Source "ChessBase"]
[SourceDate "2008.11.05"]
[SourceVersion "1"]
[SourceVersionDate "2008.11.05"]
[SourceQuality "1"]

1. d4 Nf6 2. Nf3 g6 3. Nbd2 Bg7 4. g3 0-0 5. Bg2 d6 6. 0-0 Nbd7 7. Nc4 c5 8. a4 Qc7 9. d5 b6 10. Re1 Bb7 11. e4 a6 12. Bf4 b5 13. Na3 Qb6 14. Qe2 Nh5 15. Bc1 Rfb8 16. h3 Qd8 17. g4 Nhf6 18. Bf4 Ne8 19. Rab1 bxa4 20. g5 a5 21. h4 Ba6 22. c4 Ne5 23. Nxe5 dxe5 24. Bd2 Nd6 25. h5 Rb7 26. hxg6 hxg6 27. Bf1 Rab8 28. Bc3 Rb3 29. Qg4 Bc8 30. Qg3 Qd7 31. f3 Qe8 32. Bd3 f5 33. gxf6 exf6 34. Kf2 g5 35. Rh1 Qg6 36. Bc2 R3b7 37. Bxa4 f5 38. Bxe5 f4 39. Bxf4 Rxb2+ 40. Rxb2 Rxb2+ 41. Kf1 Nxe4 42. fxe4 Qxe4 43. Rh2 gxf4 44. Qh4 Qd3+ 45. Kg1 Bd4+ 0-1

[Event "SRB-chT Cup 50th"]
[Site "Mataruska Banja"]
[Date "2007.05.25"]
[Round "5"]
[White "Nikolic, Goran"]
[Black "Petric, Marko"]
[Result "1/2-1/2"]
[WhiteElo "2284"]
[BlackElo "2105"]
[PlyCount "49"]
[EventDate "2007.05.21"]
[EventType "team-tourn"]
[EventRounds "7"]
[EventCountry "YUG"]
[SourceTitle "CBM 118 Extra"]
[Source "ChessBase"]
[SourceDate "2007.07.04"]
[SourceVersion "1"]
[SourceVersionDate "2007.07.04"]
[SourceQuality "1"]

1. d4 Nf6 2. c4 e5 3. dxe5 Ng4 4. Nf3 Nc6 5. Bf4 Bb4+ 6. Nbd2 Qe7 7. e3 Ngxe5 8. Nxe5 Nxe5 9. Be2 d6 10. 0-0 a5 11. Qc2 0-0 12. Nb3 a4 13. Nd4 Bc5 14. Bg3 Re8 15. Qc3 Qf6 16. Nb5 Re7 17. b4 axb3 18. axb3 Rxa1 19. Rxa1 c6 20. Nd4 Re8 21. b4 Bb6 22. c5 Bc7 23. Kh1 Ng4 24. Bxg4 Bxg4 25. cxd6 1/2-1/2